Competing Against Luck (Record no. 354471)

MARC details
000 -LEADER
fixed length control field 00429nam a2200145Ia 4500
008 - FIXED-LENGTH DATA ELEMENTS--GENERAL INFORMATION
fixed length control field 230719s9999 xx 000 0 und d
041 ## - LANGUAGE CODE
Language code of text/sound track or separate title eng
082 ## - DEWEY DECIMAL CLASSIFICATION NUMBER
Classification number 158.2
Item number CHR
100 ## - MAIN ENTRY--PERSONAL NAME
Personal name Christensen C.
245 ## - TITLE STATEMENT
Title Competing Against Luck
Remainder of title The Story Of Innovation and Customer Choice
260 ## - PUBLICATION, DISTRIBUTION, ETC. (IMPRINT)
Date of publication, distribution, etc. 2016
Name of publisher, distributor, etc. Harper Business
300 ## - PHYSICAL DESCRIPTION
Extent 262
365 ## - TRADE PRICE
Currency code Rs.
Price amount 164.00
700 ## - ADDED ENTRY--PERSONAL NAME
Personal name Christensen C.; Hall T.; Dillan K. & Duncan D.
9 (RLIN) 203869
Holdings
Withdrawn status Lost status Damaged status Not for loan Home library Current library Shelving location Date acquired Vendor Cost, normal purchase price Full call number Barcode Date last seen Cost, replacement price Bill Date Koha item type Original Barcode
        Cummins College of Engineering for Women Pune Cummins College of Engineering for Women Pune Donated Book 04/09/2017 Masurkar Enterprises 164.00 158.2 CCEP-DB-676 19/07/2023 164.00 19/07/2023 Books D00676